00266nam a2200097Ia 4500008004100000020001800041100002000059245003400079260003900113300001600152180205s9999 xx 000 0 und d a9789712720444 aSantos, Lope K. aKathambuhay banaag at sikat / aPasig CitybAnvil publishingc2008 ai,526 pages